000 00790nam a22002417a 4500
008 131105b xxu||||| |||| 00| 0 eng d
020 _a81-7488-817-9
024 _cAvailable
037 _cAvailable
040 _aMBSTU LIBRARY
_dMBSTU LIBRARY
082 _222
_a364.40456 ATS
100 _aAtris, Parvesh K.
245 _aSociology of crime and criminology.
260 _aNew Delhi
_bAnmol Publications Private Ltd.
_c1998
300 _a22 cm.
_b323 page
_f1
_g22 cm.
600 _2Readings in crime and criminology series.
650 _2Readings in crime and criminology series.
700 _aAtris, Parvesh K.
270 _aNew Delhi
_bNew Delhi
_dIndia
365 _b1080.00
_d1080.00
942 _2ddc
_cBK
999 _c785
_d785